书目信息 |
| 题名: |
新时期水利工程与生态环境保护研究
|
|
| 作者: | 张亮, 著 | |
| 分册: | ||
| 出版信息: | 北京 中国水利水电出版社 2019.01 |
|
| 页数: | 220页 | |
| 开本: | 24cm | |
| 丛书名: | ||
| 单 册: | ||
| 中图分类: | X321 | |
| 科图分类: | ||
| 主题词: | 水利工程--shui li gong cheng--关系--生态环境保护--研究 | |
| 电子资源: | ||
| ISBN: | 978-7-5170-7154-9 | |
| 000 | 01394nam0 2200265 450 | |
| 001 | 202019133959 | |
| 005 | 20191002113833.0 | |
| 010 | @a978-7-5170-7154-9@dCNY62.00 | |
| 100 | @a20190928d2019 em y0chiy50 ea | |
| 101 | 0 | @achi |
| 102 | @aCN@b110000 | |
| 105 | @aak a 000yy | |
| 106 | @ar | |
| 200 | 1 | @a新时期水利工程与生态环境保护研究@Axin shi qi shui li gong cheng yu sheng tai huan jing bao hu yan jiu@f张亮著 |
| 210 | @a北京@c中国水利水电出版社@d2019.01 | |
| 215 | @a220页@c图@d24cm | |
| 300 | @a华北水利水电大学高层次人才科研启动项目 (编号: 40522) 资助 国家科技支撑计划子课题 (编号: 2015BAD24B02-03) 资助 国家重点研发计划子课题 (编号: 2016YFC0400103-4) 资助 | |
| 314 | @a张亮, 男, 汉族, 博士, 副教育, 1978年生, 本科毕业于沈阳农业大学农田水利工程专业。 | |
| 320 | @a有书目 (第206-2220页) | |
| 330 | @a本书重点围绕新时期水利工程的生态环境影响及调控措施, 系统介绍了新时期水利工程的基本建设及其发展特性, 揭示了生态环境对工程运行导致的水环境要素变化的适应性机制。全书共七章, 分别从水利工程的生态功能、水利工程生态环境效应、对水文环境的影响与保护、工程中的水环境与水生态等方面探讨研究水利工程与其相应的生态环境的可持续发展道路, 为我国生态水利学研究提供较有价值的参考资料。 | |
| 606 | 0 | @a水利工程@Ashui li gong cheng@x关系@x生态环境保护@x研究 |
| 690 | @aX321@v5 | |
| 701 | 0 | @a张亮,@Azhang liang@f1978-@4著 |
| 801 | 0 | @aCN@c20190905 |
| 905 | @a河南城建学院图书馆@dX321@eZ132 | |
| 新时期水利工程与生态环境保护研究/张亮著.-北京:中国水利水电出版社,2019.01 |
| 220页:图;24cm |
| 华北水利水电大学高层次人才科研启动项目 (编号: 40522) 资助 国家科技支撑计划子课题 (编号: 2015BAD24B02-03) 资助 国家重点研发计划子课题 (编号: 2016YFC0400103-4) 资助 |
| ISBN 978-7-5170-7154-9:CNY62.00 |
| 本书重点围绕新时期水利工程的生态环境影响及调控措施, 系统介绍了新时期水利工程的基本建设及其发展特性, 揭示了生态环境对工程运行导致的水环境要素变化的适应性机制。全书共七章, 分别从水利工程的生态功能、水利工程生态环境效应、对水文环境的影响与保护、工程中的水环境与水生态等方面探讨研究水利工程与其相应的生态环境的可持续发展道路, 为我国生态水利学研究提供较有价值的参考资料。 |
| ● |
| 相关链接 |
|
|
|
正题名:新时期水利工程与生态环境保护研究
索取号:X321/Z132
 
预约/预借
| 序号 | 登录号 | 条形码 | 馆藏地/架位号 | 状态 | 备注 |
| 1 | 1441579 | 214415792 | 自科库501/501自科库 95排1列2层/ [索取号:X321/Z132] | 在馆 | |
| 2 | 1441580 | 214415809 | 自科库501/501自科库 95排1列2层/ [索取号:X321/Z132] | 在馆 |